LEADER 00821nam0-22003131--450- 001 990009265270403321 005 20101018142024.0 035 $a000926527 035 $aFED01000926527 035 $a(Aleph)000926527FED01 035 $a000926527 100 $a20101018d1966----km-y0itay50------ba 101 0 $aita 102 $aIT 105 $ay-------001yy 200 1 $aManuale di ipnotismo$fRaphael Rhodes 210 $aRoma$cAstrolabio$d1966 215 $a126 p.$d21 cm 225 1 $aPsiche e coscienza 300 $aTrad. di Silvia Maggiulli 676 $a154.7$v19$zita 700 1$aRhodes,$bRaphael$0508884 801 0$aIT$bUNINA$gRICA$2UNIMARC 901 $aBK 912 $a990009265270403321 952 $aXVII 427$b87248$fFGBC 959 $aFGBC 996 $aManuale di ipnotismo$9773808 997 $aUNINA LEADER 00799nam0-2200265 --450 001 9910881600503321 005 20240902100337.0 100 $a20240902d1998----kmuy0itay5050 ba 101 0 $aita 102 $aIT 105 $aa 001yy 200 1 $aatlante del territorio rurale abruzzese$fAngelo Marsini$gLeonardo Morgante$gLivio Rossi$gFabio Volpe 210 $aPescara$cA.R.S.S.A.$d1998 215 $a127 p.$cill.$d30 cm 610 0 $aAbruzzo$aTerritorio 676 $a914.571$v23$zita 700 1$aMarsini,$bangelo$01766241 701 1$aRossi,$bLivio$0302879 801 0$aIT$bUNINA$gREICAT$2UNIMARC 901 $aBK 912 $a9910881600503321 952 $aA AGR 190$b11262/2024$fFAGBC 959 $aFAGBC 996 $aAtlante del territorio rurale abruzzese$94210004 997 $aUNINA